Global forests : (Record no. 12133)

000 -LEADER
fixed length control field 00584pam a2200205 a 4500
020 ## - INTERNATIONAL STANDARD BOOK NUMBER
ISBN 0070357021 :
040 ## - CATALOGING SOURCE
Transcribing agency DLC
082 00 - DEWEY DECIMAL CLASSIFICATION NUMBER
Classification number 333 MCG 1992 A018 Or.
100 1# - MAIN ENTRY--AUTHOR NAME
Personal name Laarman, Jan G.
245 10 - TITLE STATEMENT
Title Global forests :
Remainder of title issues for six billion people /
260 ## - PUBLICATION, DISTRIBUTION, ETC. (IMPRINT)
Place of publication New York :
Name of publisher McGraw-Hill,
Year of publication c1992.
300 ## - PHYSICAL DESCRIPTION
Number of Pages xxviii, 337 p. :
Other physical details ill., maps ;
Dimensions 25 cm.
650 #0 - SUBJECT ADDED ENTRY--TOPICAL TERM
Topical Term Forests and forestry.
650 #0 - SUBJECT ADDED ENTRY--TOPICAL TERM
Topical Term Forest management.
650 #0 - SUBJECT ADDED ENTRY--TOPICAL TERM
Topical Term Forests and forestry
650 #0 - SUBJECT ADDED ENTRY--TOPICAL TERM
Topical Term Forest products industry.
650 #0 - SUBJECT ADDED ENTRY--TOPICAL TERM
Topical Term Forests and forestry
700 1# - ADDED ENTRY--PERSONAL NAME
Personal name Sedjo, Roger A.
942 ## - ADDED ENTRY ELEMENTS (KOHA)
Koha item type សៀវភៅភាសាអង់គ្លេស
952 ## - LOCATION AND ITEM INFORMATION (KOHA)
Withdrawn status [LOCAL, KOHA] 0
952 ## - LOCATION AND ITEM INFORMATION (KOHA)
Withdrawn status [LOCAL, KOHA] 0
952 ## - LOCATION AND ITEM INFORMATION (KOHA)
Withdrawn status [LOCAL, KOHA] 0
952 ## - LOCATION AND ITEM INFORMATION (KOHA)
Withdrawn status [LOCAL, KOHA] 0
952 ## - LOCATION AND ITEM INFORMATION (KOHA)
Withdrawn status [LOCAL, KOHA] 0
Holdings
Permanent Location Date acquired Koha item type Lost status Shelving location Barcode Current Location Full call number
Library Block A2017-08-10សៀវភៅភាសាអង់គ្លេស A018A08796Library Block A333 MCG 1992 A018 Or.
Library Block A2017-08-10សៀវភៅភាសាអង់គ្លេស A018A08108Library Block A333 MCG 1992 A018 Or.
Library Block A2017-08-10សៀវភៅភាសាអង់គ្លេស A018A08183Library Block A333 MCG 1992 A018 Or.
Library Block A2017-08-10សៀវភៅភាសាអង់គ្លេស A018A07957Library Block A333 MCG 1992 A018 Or.
Library Block A2017-08-10សៀវភៅភាសាអង់គ្លេស A018A08103Library Block A333 MCG 1992 A018 Or.
មជ្ឈមណ្ឌលឯការនៃសាកលវិទ្យាល័យភូមិន្ទកសិកម្មចំការដូង

Powered by Koha